000
00297nam a2200109Ia 4500
008
171211s9999 xx 000 0 und d
245
_a
Interior Design Visual Presentation
245
_c
Maureen Mitton
260
_c
2004
650
_x
Design
856
_u
http://down.ebook777.com/062/331941660X.pdf
999
_c
347906
_d
347906